Warhammer Fantasy Drapeaux des régions de l'Empire (TWW3) - Statistiques

Statistiques générales
  • Ce quiz a été pris 73 fois
  • Le résultat moyen est 7 sur 10
Statistiques - réponses
Par images Réponse % Correct
Reikland
89%
Nordland
82%
Stirland
72%
Averland
67%
Wissenland
65%
Talabecland
63%
Middenland
61%
Hochland
60%
Ostland
60%
Ostermark
54%
Aucun quiz correspondant
Distribution des résultats
% des personnes avec chaque résultat
Percentile par nombre de réponses
Votre historique - résultats
Vous n’avez pas pris ce quiz